000 00303nam a2200133Ia 4500
005 20251222140059.0
008 251222s1900||||xx |||||||||||||| ||spa||
020 _a8474904897
082 _a287.1/G51
100 _aGiussani, Luig
245 0 _aLlevar la esperanza:
264 _bEncuentro
942 _cLIB
999 _c3878
_d3878